000 00409pab a2200157 454500
008 180718b2009 xxu||||| |||| 00| 0 eng d
100 _aSheaff, Rod
245 _aMedicine and management in English primary care: a shifting balance of power?
260 _c2009
300 _ap.627-47.
362 _aOct
650 _aHealth services
773 _aJournal of Social Policy
908 _aN
909 _a84238
999 _c84238
_d84238